Winx Club! - Statistics

General Stats
  • This quiz has been taken 944 times
  • The average score is 7 of 9
Answer Stats
Hint Answer % Correct
Fairy of the Dragon Flame Bloom
99%
Fairy of the Shining Sun Stella
99%
Fairy of Nature Flora
98%
Fairy of Music Musa
98%
Fairy of Technology Tecna
94%
Fairy of Waves Aisha
91%
Earth fairy of season 4 Roxy
74%
Fairy of Gemstones Diaspro
31%
Fairy of the Golden Kingdom Arcadia
15%
No matching quizzes found
Score Distribution
Percent of People with Each Score
Percentile by Number Answered
Your Score History
You have not taken this quiz